Miasta w woj. małopolskim - nagła śmierć - Statystyki

Ogólne statystyki
  • Ten quiz został rozwiązany 58 razy
  • Średni wynik to 19 z 32
Answers on the Grid
Answers color-coded by a green-red scale on the quiz's grid according to % correct below.
Kraków
Niepołomice
Skawina
Tarnów
Nowy Sącz
Gorlice
Stary Sącz
Wieliczka
Bochnia
Oświęcim
Olkusz
Chrzanów
Miechów
Proszowice
Dąbrowa Tarnowska
Zakopane
Nowy Targ
Szczawnica
Rabka-Zdrój
Sucha Beskidzka
Wadowice
Andrychów
Limanowa
Krynica-Zdrój
Zator
Trzebinia
Mszana Dolna
Kalwaria Zebrzydowska
Kęty
Krzeszowice
Wolbrom
Biecz
Bielsko-Biała
Żywiec
Wisła
Jaworzno
Bieruń
Kazimiera Wielka
Pińczów
Sandomierz
Busko-Zdrój
Mielec
Dębica
Jasło
Krosno
Pilzno
Strzyżów
Czechowice-Dziedzice
Pszczyna
Góra Kalwaria
Mysłowice
Pilica
 
Statystyki odpowiedzi
Odpowiedź % Poprawnych
Nowy Sącz
78%
Wieliczka
75%
Tarnów
72%
Wadowice
72%
Bochnia
69%
Stary Sącz
69%
Trzebinia
69%
Zakopane
69%
Kraków
67%
Limanowa
67%
Rabka-Zdrój
67%
Oświęcim
64%
Krynica-Zdrój
61%
Mszana Dolna
61%
Niepołomice
61%
Nowy Targ
61%
Olkusz
61%
Skawina
61%
Miechów
58%
Zator
58%
Gorlice
56%
Andrychów
53%
Chrzanów
53%
Wolbrom
53%
Dąbrowa Tarnowska
50%
Szczawnica
50%
Kalwaria Zebrzydowska
47%
Krzeszowice
47%
Proszowice
47%
Biecz
44%
Kęty
42%
Sucha Beskidzka
42%
Nie znaleziono quizów pasujących do podanych kryteriów
Rozkład punktacji
Procent ludzi z każdym wynikiem
Percentyl według liczby udzielonych odpowiedzi
Twoja historia wyników
Nie rozwiązałeś tego quizu